The Unforgiven II (Metallica) - Lyrics - Statistics

General Stats
  • This quiz has been taken 16 times
  • The average score is 207 of 396
Answer Stats
Lyrics % Correct
I
86%
oh
86%
Oh,
86%
Oh-oh,
86%
Oh-oh-oh
86%
to
79%
what
79%
What
79%
And
71%
and
71%
felt,
71%
felt
71%
I've
71%
be
64%
beside
64%
done
64%
hear
64%
known
64%
Lay
64%
lay
64%
me
64%
me,
64%
me)
64%
tell
64%
the
64%
The
64%
too?
64%
too
64%
unforgiven,
64%
unforgiven)
64%
when
64%
who
64%
you
64%
you?
64%
you,
64%
are
57%
door
57%
door,
57%
is
57%
make
57%
my
57%
no
57%
No,
57%
they've
57%
wanna
57%
words
57%
your
57%
for
50%
it
50%
never
50%
(Never
50%
now
50%
Now
50%
open
50%
run
50%
so
50%
(So
50%
speak
50%
sun
50%
Through
50%
through
50%
Behind
43%
But
43%
can
43%
closed,
43%
demons
43%
eyes
43%
if
43%
If
43%
it's
43%
Or
43%
see
43%
should
43%
stand
43%
Then
43%
Yes
43%
'Cause
36%
Come
36%
Could
36%
day,
36%
hurt,
36%
in
36%
key
36%
locked
36%
love
36%
night
36%
not,
36%
one
36%
pages,
36%
shining
36%
Sick
36%
skies
36%
still
36%
stone
36%
there?
36%
there
36%
there's
36%
this
36%
This
36%
tired,
36%
tired
36%
true
36%
Turn
36%
turn
36%
Under
36%
understand
36%
We
36%
wicked
36%
again
29%
alone
29%
Because
29%
black
29%
Black
29%
bury
29%
cracks
29%
dark
29%
gone
29%
heart
29%
I'm
29%
loves
29%
of
29%
paralyze
29%
share
29%
She
29%
she
29%
she'll
29%
sure,
29%
swear
29%
take
29%
waits
29%
won't
29%
Yeah,
29%
you're
29%
darker
21%
Dead
21%
dub
21%
scarring
21%
thee
21%
free)
14%
free,
14%
No matching quizzes found
Score Distribution
Percent of People with Each Score
Percentile by Number Answered
Your Score History
You have not taken this quiz